| 000 | 00491nam a2200181 a 4500 | ||
|---|---|---|---|
| 001 | 1772014605171 | ||
| 003 | YourLibrary | ||
| 005 | 20260225154810.0 | ||
| 008 | 260225s2007##################000#0#eng## | ||
| 020 | _a9780791094341 | ||
| 082 | 0 | 4 |
_a323.092 _bHUB |
| 100 | 1 |
_aHubbard-Brown, Janet, _eauthor. |
|
| 245 | 1 | 0 | _aShirin Ebadi, Champion for Human Rights in Iran : |
| 260 |
_bFacts On File, _c2007. |
||
| 650 | 0 | _aIran. | |
| 942 | _cENGLISH | ||
| 040 |
_aYourLibrary _beng _cYourLibrary |
||
| 999 |
_c615855 _d615855 |
||